| 000 | 00647cam a22002175a 4500 | ||
|---|---|---|---|
| 001 | 4633269 | ||
| 005 | 20180122102650.0 | ||
| 008 | 780505s1977 enka frb 001 0 eng d | ||
| 020 | _a0297773119 | ||
| 040 |
_aDLC _cDLC _dDLC _dEG-ScBUE _beng |
||
| 082 | 0 | 4 |
_a301.364 _222 _bHAL |
| 100 | 1 |
_aHall, Peter, _d1932-2014. _938866 |
|
| 245 | 1 | 4 |
_aThe world cities / _cPeter Hall. |
| 250 | _a2nd ed. | ||
| 260 |
_aLondon : _bWeidenfeld and Nicolson, _c1977. |
||
| 300 |
_a271 p. : _bill. ; _c23 cm. |
||
| 504 | _aIncludes bibliographical references and index. | ||
| 650 | 7 |
_aMetropolitan areas. _2BUEsh _97269 |
|
| 653 |
_bGGEN _cJanuary2018 |
||
| 942 | _2ddc | ||
| 999 |
_c25983 _d25955 |
||